| 000 | 00543nam a22001457a 4500 | ||
|---|---|---|---|
| 020 | _a8043-2000-01-0308 | ||
| 082 |
_a080 _bVAS/H |
||
| 100 | _aVASUDEVAN, P.S | ||
| 245 | _aHEALTH HYGIENE | ||
| 260 |
_aTHRISSUR _bH & C PUBLISHING HOUSE _c2008 |
||
| 300 | _a95 | ||
| 520 | _aGood personal hygiene is one of the most effective ways to protect ourselves and others from many illnesses, such as gastroenteritis. Wash your hands regularly, especially before preparing or eating food and after going to the toilet. | ||
| 650 | _aHEALTH | ||
| 942 | _cBK | ||
| 999 |
_c6763 _d6763 |
||